| 000 | 01695nam a22002417a 4500 | ||
|---|---|---|---|
| 999 |
_c57321 _d57321 |
||
| 003 | Ge_BSU | ||
| 005 | 20200520153513.0 | ||
| 008 | 200520s2018 xxu||||| |||| 00| 0 geo d | ||
| 020 | _a9789941804939 | ||
| 041 | _ageo | ||
| 080 | _a364(075.8) კ-50 | ||
| 100 |
_aკილაძე, სოფიო. _98125 |
||
| 245 |
_aსოციალური მუშაობის სამართლის სახელმძღვანელო / _cსოფიო კილაძე ; ანა ფირცხალაშვილი ; რედ : რატი იონათამიშვილი ; ეთერ ცხაკაია. |
||
| 264 |
_aთბილისი : _bფრიდრიხ ებერტის ფონდი, _c2018. |
||
| 300 |
_a290 გვ. ; _c20 სმ. |
||
| 504 | _aბიბლიოგრაფია ტექსტის შენიშვნებში. | ||
| 653 | _aსოციალური უზრუნველყოფა | ||
| 700 |
_a ფირცხალაშვილი, ანა _98126 |
||
| 700 |
_aიონათამიშვილი, რატი _eრედაქტორი _98127 |
||
| 700 |
_aცხაკაია, ეთერ _eრედაქტორი _98128 |
||
| 710 |
_aნაშრომი მომზადებულია ფრიდრიხ ებერტის ფონდისა, გრიგოლ რობაქიძის სახელობის უნივერსიტეტის და ა(ა)იპ დემოკრატიის განვითარების სააგენტოს მხარდაჭერით. _98129 |
||
| 942 |
_2udc _cBK |
||